The Silver City : a story of adventure in Mexico /

Bibliographic Details
Main Author: Ober, Frederick A. (Frederick Albion), 1849-1913
Format: Book
Language:English
Published: Boston : Lothrop, [1883]

MARC

Tag First Indicator Second Indicator Subfields
LEADER 00000cam a2200000Ii 4500
001 in00002124166
005 20151103061436.0
008 790615s1883 maua j 000 1 eng d
035 |a (OCoLC)ocm05071775 
040 |a ZBM  |c ZBM  |d TXA  |d UtOrBLW 
049 |a TXAM 
050 0 |a PZ7.O12  |b S 
090 |a PS2484.O2  |b J63 1883 
100 1 |a Ober, Frederick A.  |q (Frederick Albion),  |d 1849-1913. 
245 1 4 |a The Silver City :  |b a story of adventure in Mexico /  |c by Frederick A. Ober. 
264 1 |a Boston :  |b Lothrop,  |c [1883] 
264 4 |c ©1883 
300 |a 95 unnumbered pages :  |b illustrations ;  |c 24 cm. 
336 |a text  |b txt  |2 rdacontent 
337 |a unmediated  |b n  |2 rdamedia 
338 |a volume  |b nc  |2 rdacarrier 
500 |a Includes Cacique John (a further account of the search for the Silver City) : pages [50-95]. 
740 0 2 |a Cacique John. 
994 |a C0  |b TXA 
948 |a cataloged  |b h  |c 2006/4/14  |d c  |e tmweaver  |f 1:20:45 pm 
999 |a MARS 
999 f f |s f643795c-ccb4-31bc-bcb6-f6dcc9858c51  |i 96308f11-0c58-38d6-92d1-7c343dceb0cd  |t 0 
952 f f |p noncirc  |a Texas A&M University  |b College Station  |c Cushing Memorial Library & Archives  |d Cushing: Science Fiction (Does not check out)  |t 0  |e PS2484.O2 J63 1883  |h Library of Congress classification  |i unmediated -- volume 
998 f f |a PS2484.O2 J63 1883  |t 0  |l Cushing: Science Fiction (Does not check out)